| 000 | 01044nam a2200301Ia 4500 | ||
|---|---|---|---|
| 005 | 20240826130855.0 | ||
| 008 | 130821s2008 mx a gr spa | ||
| 020 | _a9701510542 | ||
| 020 | _a9789701510544 | ||
| 040 |
_aCo-BoUCM _bspa _cDavid Moreno (modificó) _dDavid Moreno (modificó) |
||
| 041 | 0 | 0 | _aspa |
| 100 | 1 |
_aLevin, Jack _9166436 |
|
| 245 | 1 | 0 |
_aFundamentos de estadística en la investigación social _cJack Levin y William C. Levin |
| 250 | _a2a ed. | ||
| 260 |
_aMéxico D.F. (México) _bAlfaomega _c2008 |
||
| 300 |
_aix, 305 páginas _bgráficas |
||
| 490 | 0 |
_aOxford University Press _v1054 |
|
| 650 | 0 | 4 |
_aCorrelación (Estadística) _912015 |
| 650 | 0 | 4 |
_aEstadística _914984 |
| 650 | 0 | 4 |
_aMatemáticas _919031 |
| 650 | 0 | 4 |
_aMuestreo (Estadística) _919877 |
| 650 | 0 | 4 |
_aSociología _9386 |
| 650 | 0 | 4 |
_aVariables (Estadística) _926097 |
| 700 | 1 |
_aLevin, William C. _9166437 |
|
| 710 | 2 |
_aOxford University Press _933039 |
|
| 942 |
_cLIBRO _a25 _e2 _mL665f _2DEWEY _h519.2 _n0 |
||
| 999 |
_c65344 _d65344 |
||